| 000 | 00489nam a2200193Ia 4500 | ||
|---|---|---|---|
| 003 | GCL | ||
| 008 | 140319s9999 xx 000 0 eng d | ||
| 040 |
_aGCL / _cGCL |
||
| 082 | 0 | 4 |
_a747 _bG H |
| 100 | 1 | _aGREY, JOHNNEY | |
| 245 | 1 | 0 |
_aTHE HARDWORKING HOUSE: THE ART OF LIVING DESIGN / _cGREY, JOHNNEY |
| 260 |
_a[S.N] : _bCASSELL ، _c1997 |
||
| 300 | _a176 P | ||
| 650 | 0 | 4 | _aINTERIOR DECORATION |
| 650 | 0 | 4 | _aARTS |
| 650 | 0 | 4 | _aDESIGN |
| 650 | 0 | 4 | _aLIVING DESIGN |
| 942 |
_2ddc _cBK |
||
| 999 |
_c15674 _d15674 |
||